| 000 | 00937nam a2200241Ia 4500 | ||
|---|---|---|---|
| 999 |
_c47721 _d47721 |
||
| 003 | GCL | ||
| 005 | 20240530104437.0 | ||
| 008 | 140319s9999 xx 000 0 ara d | ||
| 040 |
_aGCL / _cGCL |
||
| 082 | 0 | 4 |
_a001.5/ _bم ن |
| 100 | 1 | _aمارتن، ل. جون | |
| 245 | 1 | 0 |
_aنظم الاعلام المقارنة / _cتاليف ل. جون مارتن، انجو جروفر شودرى ؛ ترجمة على درويش ؛ مراجعة محمد محمود رضوان |
| 300 | _a468 ص | ||
| 490 |
_aالهيئة العامة للاستعلامات _v0 |
||
| 650 | 0 | 4 | _aوسائل الاعلام |
| 650 | 0 | 4 | _aالاعلام الدولى |
| 650 | 0 | 4 | _aالاعلام - العالم الثالث |
| 650 | 0 | 4 | _aالاعلام - اوربا |
| 700 | 1 |
_aعلى درويش _eمترجم |
|
| 700 | 1 |
_aمحمد محمود رضوان _eمراجع |
|
| 700 | 1 |
_aشودرى، انجو جروفر _eمؤلف مشارك |
|
| 942 |
_2ddc _cBK |
||